Catálogo
 En Linea

Las reformas electorales pendientes : (Registro nro. 50207)

Detalles MARC
000 -CABECERA
campo de control de longitud fija 02032nam a2200241 a 4500
003 - IDENTIFICADOR DEL NÚMERO DE CONTROL
campo de control DO-SdBNP
005 - FECHA Y HORA DE LA ÚLTIMA TRANSACCIÓN
campo de control 20260429123224.0
007 - CAMPO FIJO DE DESCRIPCIÓN FÍSICA--INFORMACIÓN GENERAL
campo de control de longitud fija ta
008 - DATOS DE LONGITUD FIJA--INFORMACIÓN GENERAL
campo de control de longitud fija 210809e2005 dr acd|er|||| 001 0 spa d
040 ## - FUENTE DE LA CATALOGACIÓN
Centro catalogador/agencia de origen DO-SdBNP
Lengua de catalogación spa
Centro/agencia transcriptor BNPHU
082 #4 - NÚMERO DE LA CLASIFICACIÓN DECIMAL DEWEY
Número de edición 22
Número de documento/Ítem P273r
245 14 - MENCIÓN DE TÍTULO
Título Las reformas electorales pendientes :
Resto del título órganos electorales, listas de candidaturas y cuota femenina
260 ## - PUBLICACIÓN, DISTRIBUCIÓN, ETC.
Lugar de publicación, distribución, etc. Santo Domingo :
Nombre del editor, distribuidor, etc. USAID,
Fecha de publicación, distribución, etc. 2005
300 ## - DESCRIPCIÓN FÍSICA
Extensión 218 p. :
Otras características físicas il., gráf., retr. ;
Dimensiones 21 cm.
504 ## - NOTA DE BIBLIOGRAFÍA, ETC.
Nota de bibliografía, etc. Bibliografía: p. 211- 212
505 ## - NOTA DE CONTENIDO CON FORMATO
Nota de contenido con formato Introducción.
Título 2. "Reformas electorales y los Desafíos de la Gobernabilidad Democrática en la República Dominicana /
Mención de responsabilidad (Dra. Rosario Espinal).--
Título 3. Los Órganos Electorales: Estructura, Atribuciones y Competencia /
Mención de responsabilidad (Dr Luis Arias Núñez).--
Título 4. ¿Qué es el Instituto Federal Electoral de México? /
Mención de responsabilidad (Lic. Javier Romo Michaud).--
Título 5. Prevención y Persecución de los Delitos Electorales en México /
Mención de responsabilidad (Dra María de los Angeles Fromow Rangel).--
Título 6. Conflictos y Delitos Electorales: Prevención, Persecución y Solución /
Mención de responsabilidad (Lic. José del Castillo).--
Título 7. La Participación Política de las Mujeres y la Ley de Cupos en Argentina /
Mención de responsabilidad (Dra. María José Lubertino).--
Título 8. Mecanismos de Acción Afirmativa y Cuota de Candidatura Femenina: Caso República Dominicana /
Mención de responsabilidad (Ing. Angela Jáquez).--
Título 9. La Evolución de las Circunscripción Electorales en Bolivia, 1979 - 2004 /
Mención de responsabilidad (Dr Salvador Romero Bollivián).--
Título 10. Las Circunscripciones Electorales para el Parlamento y los Ayuntamientos /
Mención de responsabilidad (Ing. Angel Acosta).--
Título 11. Clientelismo Político y Manipulación del Voto: Presencia y Transformación en el Siglo XXI en América Latina /
Mención de responsabilidad (Dr. Héctor Díaz Santana).--
590 ## - NOTA LOCAL (RLIN)
Nota local Inventariado 2021 / MF
650 #4 - PUNTO DE ACCESO ADICIONAL DE MATERIA--TÉRMINO DE MATERIA
9 (RLIN) 39150
Término de materia o nombre geográfico como elemento de entrada Elecciones
Subdivisión general Congresos, Conferencias, etc
Subdivisión geográfica América Latina
650 #4 - PUNTO DE ACCESO ADICIONAL DE MATERIA--TÉRMINO DE MATERIA
9 (RLIN) 44497
Término de materia o nombre geográfico como elemento de entrada América Latina
Subdivisión general Política y Gobierno
Subdivisión cronológica Siglo XXI
650 #4 - PUNTO DE ACCESO ADICIONAL DE MATERIA--TÉRMINO DE MATERIA
9 (RLIN) 39150
Término de materia o nombre geográfico como elemento de entrada Elecciones
Subdivisión general Congresos, Conferencias, etc.
Subdivisión geográfica América Latina
650 20 - PUNTO DE ACCESO ADICIONAL DE MATERIA--TÉRMINO DE MATERIA
Término de materia o nombre geográfico como elemento de entrada Participación política
9 (RLIN) 456
942 ## - ELEMENTOS DE PUNTO DE ACCESO ADICIONAL (KOHA)
Fuente del sistema de clasificación o colocación Dewey Decimal Classification
Tipo de ítem Koha Libro
Existencias
Estado de retiro Estado de pérdida Fuente del sistema de clasificación o colocación Restricciones de uso No para préstamo Código de colección Localización permanente Ubicación/localización actual Ubicación en estantería Fecha de adquisición Fuente de adquisición Total de préstamos Código de barras Fecha visto por última vez Precio válido a partir de Tipo de ítem Koha Número de copia
    Dewey Decimal Classification Excluido de préstamo   Patrimonio Dominicano Biblioteca Nacional Pedro Henríquez Ureña Biblioteca Nacional Pedro Henríquez Ureña Depósito 09.07.2018 Donado por CERTV   2021-25436 09.08.2021 09.08.2021 Libro  
    Dewey Decimal Classification Excluido de préstamo   Patrimonio Dominicano Biblioteca Nacional Pedro Henríquez Ureña Biblioteca Nacional Pedro Henríquez Ureña Depósito 09.07.2018 Donado por CERTV   2021-25437 09.08.2021 09.08.2021 Libro e.2

Con tecnología Koha